Cơ học: Đã được Hội đồng môn học của Bộ giáo dục và đào tạo thông quan dùng làm tài liệu giảng dạy trong các trường Đại học kỹ thuật . Tập 1, Tĩnh học và động học

שמור ב:
מידע ביבליוגרפי
מחבר ראשי:  Đỗ Sanh
פורמט: Sách
שפה:Undetermined
יצא לאור:  Giáo dục Việt Nam  2013
נושאים:
תגים: הוספת תג
אין תגיות, היה/י הראשונ/ה לתייג את הרשומה!
Thư viện lưu trữ: Trung tâm Thư viện - Trường Đại học Công nghiệp TP. Hồ Chí Minh
LEADER 00756nam a2200157Ia 4500
001 UIH_03605
008 231011s9999 xx 000 0 und d
082 |a  620.105 
100 |a  Đỗ Sanh 
245 0 |a  Cơ học: Đã được Hội đồng môn học của Bộ giáo dục và đào tạo thông quan dùng làm tài liệu giảng dạy trong các trường Đại học kỹ thuật . Tập 1, Tĩnh học và động học 
245 0 |c  Đỗ Sanh 
260 |b  Giáo dục Việt Nam 
260 |c  2013 
650 |a  Động lực học; Tĩnh học và động lực học;  
927 |a Sách 
980 |a Trung tâm Thư viện - Trường Đại học Công nghiệp TP. Hồ Chí Minh